Partnership Agreement ACP-EC Signed in Cotonou on 23 June 2000, revised in Luxembourg on 25 June 2005

Detalles Bibliográficos
Autor Corporativo: Unin̤ Europea. Oficina de Publicaciones Oficiales
Formato: Desconocido
Lenguaje:español
Publicado: [Luxemburgo] : European Union Publications Office, 2007
Acceso en línea:Acceso restringido

MARC

LEADER 00000ny a22000003n 4500
005 20110623130920.0
008 080702s2007 sp s 000 0 spa c
020 |a 9279005677 
035 |a 2109 
040 |a UMA.RE  |d vlex 
080 |a 341.232(UE-ACP)(0.034) 
090 |c 1214  |d 1214 
245 0 0 |a Partnership Agreement ACP-EC  |h [Recurso electrn̤ico]  |b Signed in Cotonou on 23 June 2000, revised in Luxembourg on 25 June 2005 
256 |a Servicio en ln̕ea 
260 |a [Luxemburgo] :  |b European Union Publications Office,  |c 2007 
506 1 |a Contenido solo disponible en los productos indicados  |d vLex Global  |d vLex Global (Academic Edition, excluding Law Schools)  |d vLex Global (U.S. Academic Edition, Law Schools)  |d vLex Global (U.S. Academic Edition, excluding Law Schools)  |d vLex Global (Academic Edition, Law Schools) 
710 1 |a Unin̤ Europea.  |b Oficina de Publicaciones Oficiales 
740 0 |a vLex Libros (Servicios en ln̕ea) 
856 4 0 |z Acceso restringido  |u http://vlex.com/source/2109 
942 |c BOOK 
999 0 4 |a Ayuda econm̤ica europea  |v En ln̕ea 
999 0 4 |a Unin̤ Europea  |v En ln̕ea